Soldiers in revolt (Registro nro. 309533)

Detalles MARC
000 -ENCABEZADO
Número de control [NR] 03356cam a2200337Ii 4500
001 - NÚMERO DE CONTROL
control field on1011094336
003 - IDENTIFICADOR DE CONTROL NÚMERO
control field Co-BoUCM
005 - FECHA Y HORA DE LA ÚLTIMA TRANSACCIÓN
control field 20180416123220.0
008 - DE LONGITUD FIJA DE DATOS DE ELEMENTOS - INFORMACIÓN GENERAL
Elementos de longitud fija [NR] 180416s2017 enk b 001 0 eng d
015 ## - NUMERO DE BIBLIOGRAFIA NACIONAL [R]
Número de bibliografía nacional [R] GBB7B9978
Fuente [NR] bnb
020 ## - NUMERO INTERNACIONAL NORMALIZADO PARA LIBROS [R]
Número Internacional Normalizado del libro [NR] 9781849048293
020 ## - NUMERO INTERNACIONAL NORMALIZADO PARA LIBROS [R]
Número Internacional Normalizado del libro [NR] 1849048290
029 1# - OTRO SISTEMA DE NÚMERO DE CONTROL (OCLC)
OCLC library identifier AU@
System control number 000061922041
035 ## - NUMERO DE CONTROL DEL SISTEMA [R]
Número de control del sistema [NR] (OCoLC)1011094336
040 ## - FUENTE DE CATALOGACION [NR]
Agencia de catalogación original [NR] Co-BoUCM
Idioma de catalogación [NR] spa
Quien Cataloga Saul Niño
Quien Clasifica Saul Niño
041 0# - CODIGO DE IDIOMA [R]
Código de idioma para texto/pista de sonido o título separado [R] Inglés
100 1# - ASIENTO PRINCIPAL--NOMBRE PERSONAL [NR]
Nombre personal [NR] Dwyer, Maggie
ID Autoridad 92146
245 10 - MENCION DE TITULO [NR]
Título [NR] Soldiers in revolt
Parte restante del título [NR] army mutinies in Africa
Mención de responsabilidad, etc. [NR] Maggie Dwyer
260 ## - PUBLICACION, DISTRIBUCION, ETC. (PIE DE IMPRENTA) [R]
Lugar de publicación, distribución, etc. [R] London
Nombre del editor, distribuidor, etc. [R] Hurst & Company
Fecha de publicación, distribución, etc. [R] 2017
300 ## - DESCRIPCION FISICA [R]
Extensión [R] vii, 237 páginas
505 00 - NOTA DE CONTENIDO CON FORMATO PREESTABLECIDO [R]
Información miscelánea [R] 1.
State manifest and birth record (1764-1977). The Popular Allure and Academic Neglect of Mutinies --
-- Beyond indiscipline --
-- Mutinies in Africa --
-- Book overview --
Información miscelánea [R] 2.
State manifest and birth record (1764-1977). Out of the Shadows of Coups --
-- Identifying mutiny --
-- Researching the mutineers' perspective --
-- Documenting mutinies in West and Central Africa --
Información miscelánea [R] 3.
State manifest and birth record (1764-1977). The Typical Mutiny: Patterns in Participants, Tactics and Outcomes --
-- The uncomfortable place of rank-and-file soldiers in Africa --
-- Private problems --
-- `The problems are between the generals and us' --
-- Mutineers' playbook --
-- Mutineers' public relations campaigns --
-- Violence as an ace or a bluff --
-- The predictably unpredictable nature of mutinies --
-- Determining success in a mutiny --
-- Conclusion --
Información miscelánea [R] 4.
State manifest and birth record (1764-1977). Public Discourse, Protests and Revolts --
-- Global trends lead to ground-level complaints --
-- Dual mobilisation --
-- Borrowed scripts --
-- Freedom to mutiny --
-- Conclusion --
Información miscelánea [R] 5.
State manifest and birth record (1764-1977). The Price of Hardship: Deployments and Peacekeeping --
-- Risks, entitlements and respect --
-- Familiar complaints, new importance --
-- Pay problems --
-- The problem with transparency --
-- Revealing the greener grass --
-- Cohesion and division --
-- Conclusion --
Información miscelánea [R] 6.
State manifest and birth record (1764-1977). A Coup Hidden in a Mutiny: Case Study of Sierra Leone --
-- The shifting role of the military --
-- The Tigers are tested --
-- From objections to actions --
-- Operation Mutiny becomes Operation Coup --
-- `A change that changed little' --
-- A new military with new problems --
-- Conclusion --
Información miscelánea [R] 7.
State manifest and birth record (1764-1977). Mutinies with Unintended Consequences: Case Study of The Gambia --
-- The reluctant creation of the Gambian armed forces --
-- The divisive effects of the Confederal Army --
-- Dissatisfaction among the peacekeepers --
-- Mutinies lead to a contentious caretaker --
-- The unresolved problems grow --
-- The third and final strike --
-- Potential problems below the surface --
-- Conclusion --
Información miscelánea [R] 8.
State manifest and birth record (1764-1977). An Escalating Cycle of Mutinies: Case Study of Burkina Faso --
-- A temporary civilian-military union --
-- A tested tactic --
-- Familiar dissatisfaction reignited --
-- The military enters the scene --
-- Mutiny finale --
-- Depth of the grievances --
-- The exceptionally uninterested sectors --
-- New changes replicate old patterns --
-- Memory of the mutinies continues --
-- Conclusion --
Información miscelánea [R] 9.
State manifest and birth record (1764-1977). An Altered View of Mutinies --
-- Future of mutinies in West and Central Africa --
-- A revised view of mutinies.
546 ## - NOTA DE IDIOMA [R]
Nota de idioma [NR] Texto en inglés
650 #7 - ASIENTO SECUNDARIO DE MATERIA - TERMINO TEMATICO [R]
Término temático o nombre geográfico como elemento de entrada [NR] Sedición
Subdivisión geográfica [R] Africa
Subdivisión general [R] Historia
9 (RLIN) 24074
650 #0 - ASIENTO SECUNDARIO DE MATERIA - TERMINO TEMATICO [R]
Término temático o nombre geográfico como elemento de entrada [NR] Sedición militar
Subdivisión geográfica [R] Africa
Subdivisión general [R] Historia
9 (RLIN) 92147
650 #7 - ASIENTO SECUNDARIO DE MATERIA - TERMINO TEMATICO [R]
Término temático o nombre geográfico como elemento de entrada [NR] Delitos militares
9 (RLIN) 12598
Subdivisión general [R] Historia
Subdivisión geográfica [R] África
650 #7 - ASIENTO SECUNDARIO DE MATERIA - TERMINO TEMATICO [R]
Término temático o nombre geográfico como elemento de entrada [NR] Delitos militares
9 (RLIN) 12598
650 #7 - ASIENTO SECUNDARIO DE MATERIA - TERMINO TEMATICO [R]
Término temático o nombre geográfico como elemento de entrada [NR] Insubordinación
9 (RLIN) 92148
651 #7 - ASIENTO SECUNDARIO DE MATERIA - NOMBRE GEOGRAFICO [R]
Nombre geográfico [NR] África Occidental
9 (RLIN) 26569
942 ## - ELEMENTOS DE ENTRADA AGREGADOS (KOHA)
Sistema de clasificación DEWEY
Tema principal Ciencia política
Tipo de ítem principal el descrito en 300a Libro
Edición 1
Clasificación 355.1334096
Parte restante de la signatura top. D993s
Existencias
Fecha de último préstamo Total préstamos Total Renewals Signatura topográfica Código de barras Última vez visto Ejemplar Costo de reposición Price effective from Tipo de ítem Perdido Sistema de clasificación Dañado No prestable Tipo de ítem específico Suprimido Ubicación habitual Ubicación actual Localización Fecha de creación Proveedor Forma de adquisición Costo
18/04/2018 1 1 355.1334096 D993s 100157035 09/12/2025 Ej.1 100146.00 10/04/2018 Libro   DEWEY     Libro   Claustro Claustro 2do piso 10/04/2018 19 Compra 100146.00